Determination of heavy metals in different industrial sites of Saver upazila of Dhaka / Ms Thesis (Record no. 14589)

MARC details
000 -LEADER
fixed length control field 01140nam a22002657a 4500
001 - CONTROL NUMBER
control field BD-DhSAU 9032
003 - CONTROL NUMBER IDENTIFIER
control field BD-DhSAU
005 - DATE AND TIME OF LATEST TRANSACTION
control field 20190515143424.0
008 - FIXED-LENGTH DATA ELEMENTS--GENERAL INFORMATION
fixed length control field 190324b2017 xxu||||| |||| 001 0 eng d
040 ## - CATALOGING SOURCE
Original cataloging agency BD-DhSAU
082 ## - DEWEY DECIMAL CLASSIFICATION NUMBER
Edition number 22
Classification number 634.99
Item number T1594
100 ## - MAIN ENTRY--PERSONAL NAME
Personal name Tanveer, M. Golam Rabbi
Relator code Registration No.# 11-04513
245 ## - TITLE STATEMENT
Title Determination of heavy metals in different industrial sites of Saver upazila of Dhaka / Ms Thesis
Statement of responsibility, etc. M. Golam Rabbi Tanveer
260 ## - PUBLICATION, DISTRIBUTION, ETC. (IMPRINT)
Place of publication, distribution, etc. Sher-e- Bangla Agricultural University :
Name of publisher, distributor, etc. Department of Agroforestry and Environmental Science,
Date of publication, distribution, etc. 2017,
300 ## - PHYSICAL DESCRIPTION
Extent ix, 45 p. :
Other physical details ill. ,
Dimensions 30 cm.
500 ## - GENERAL NOTE
General note MS thesis , Department of Agroforestry and Enviornmental Science , Faculty of Agriculture, Sher-e-Bangla Agricultural University, Dhaka, Bangladesh
504 ## - BIBLIOGRAPHY, ETC. NOTE
Bibliography, etc Includes bibliographical reference.
590 ## - Name of Cataloguer
Name of Cataloger Bandana
650 ## - SUBJECT ADDED ENTRY--TOPICAL TERM
Topical term or geographic name as entry element Heavy Metals
650 ## - SUBJECT ADDED ENTRY--TOPICAL TERM
Topical term or geographic name as entry element Industrial Sites
Geographic subdivision Dhaka
700 ## - ADDED ENTRY--PERSONAL NAME
Personal name Islam, Ferzana
Relator term Supervisor
700 ## - ADDED ENTRY--PERSONAL NAME
Personal name Hossain, Forhad
Relator term Co-Supervisor
856 ## - ELECTRONIC LOCATION AND ACCESS
Uniform Resource Identifier <a href="http://archive.saulibrary.edu.bd:8080/xmlui/handle/123456789/2292">http://archive.saulibrary.edu.bd:8080/xmlui/handle/123456789/2292</a>
Link text Online Access
942 ## - ADDED ENTRY ELEMENTS (KOHA)
Source of classification or shelving scheme Dewey Decimal Classification
Koha item type MS Level Thesis
Holdings
Withdrawn status Lost status Source of classification or shelving scheme Damaged status Not for loan Collection code Home library Branch Name Shelving location Date acquired Total Checkouts Full call number Barcode Date last seen Price effective from Koha item type
    Dewey Decimal Classification   Not For Loan Reference SAU Library SAU Library Reference 24/03/2019   634.99 T1594 41179 24/03/2019 24/03/2019 MS Level Thesis